Movie By Cast - Statistics

General Stats
  • This quiz has been taken 52 times
  • The average score is 11 of 15
Answer Stats
Cast Answer % Correct
Al Pacino, Marlon Brando, James Caan (1972) The Godfather
90%
Leonardo DiCaprio, Jonah Hill, Margot Robbie (2013) The Wolf of Wall Street
90%
Christian Bale, Heat Ledger, Michael Caine (2008) The Dark Knight
88%
Ed Norton, Brad Pitt, Helena Bonham Carter (1999) Fight Club
85%
Morgan Freeman, John Travolta, Uma Thurman, Bruce Willis (1994) Pulp Fiction
83%
Brad Pitt, Morgan Freeman, Kevin Spacey (1995) Se7en
81%
Tim Robbins, Morgan Freeman (1994) The Shawshank Redemption
79%
Ray Liotta, Robert De Niro, Jay Pesci (1991) Goodfellas
77%
Neve Campbell, Courtney Cox, Skeet Ulrich, Matthew Lillard (1996) Scream
75%
Michael Jordan, Bill Murray (1996) Space Jam
75%
Miles Teller, JK Simmons (2014) Whiplash
73%
Jonah Hill, Michael Cera, Seth Rogen, Bill Hader (2007) Superbad
69%
Will Ferrell, Steve Carrell, Paul Rudd, David Koechner (2004) Anchorman
63%
Kevin Spacey, Chazz Palminteri, Stephen Baldwin (1995) Usual Suspects
58%
Jake Gyllenhall, Hugh Jackman, Paul Dano (2013) Prisoners
52%
No matching quizzes found
Score Distribution
Percent of People with Each Score
Percentile by Number Answered
Your Score History
You have not taken this quiz